000 00271nam a22001217a 4500
040 _cRUA
082 _aCAM KEA 2011 C160 Or.
100 _aKEA BORATH,
245 _aWriting Skills ,
260 _aPHNOM PENH
_bRUA
_c2011
300 _aiii,119p.
_bill.
_c29cm.
942 _cEK
999 _c25516
_d25516